Teoretické a praktické aspekty počúvania s porozumením a akademického počúvania

Gespeichert in:
Bibliographische Detailangaben
1. Verfasser: Zsapková, Eleonóra
Format: Buchkapitel
Sprache:Slowakisch
Tags: Tag hinzufügen
Keine Tags, Fügen Sie das erste Tag hinzu!

MARC

LEADER 00000naa$a2200000$$$4500
001 0247543
005 20240502083700.2
041 0 |a slo 
044 |a CZ 
245 1 0 |a Teoretické a praktické aspekty počúvania s porozumením a akademického počúvania  |c Eleonóra Zsapková 
100 1 |a Zsapková, Eleonóra